Tribhuvan University Central Library

Nepal on 84 a day revised and up to date edition of Nepal on two dollars a day (Record no. 4476)

MARC details
000 -LEADER
fixed length control field 006550000a22002770004500
003 - CONTROL NUMBER IDENTIFIER
control field CN
005 - DATE AND TIME OF LATEST TRANSACTION
control field 20120907074722.0
082 ## - DEWEY DECIMAL CLASSIFICATION NUMBER
Classification number 915.426
Item number R137n
-- N
041 ## - LANGUAGE CODE
Language code of text/sound track or separate title Eng
100 ## - MAIN ENTRY--PERSONAL NAME
Personal name Raj, Prakash A. 1943-
245 ## - TITLE STATEMENT
Title Nepal on 84 a day revised and up to date edition of Nepal on two dollars a day
260 ## - PUBLICATION, DISTRIBUTION, ETC. (IMPRINT)
Place of publication, distribution, etc Kathmandu
Name of publisher, distributor, etc R. C. Joshi, Nepal
260 ## - PUBLICATION, DISTRIBUTION, ETC. (IMPRINT)
Date of publication, distribution, etc 1975
300 ## - PHYSICAL DESCRIPTION
Extent 153p.
Other physical details illus.,maps.
365 ## - TRADE PRICE
Price type code Rs.20.00
518 ## - DATE/TIME AND PLACE OF AN EVENT NOTE
Date/time and place of an event note 940608
530 ## - ADDITIONAL PHYSICAL FORM AVAILABLE NOTE
Additional physical form available note M
650 ## - SUBJECT ADDED ENTRY--TOPICAL TERM
Topical term or geographic name as entry element Description and travel
650 ## - SUBJECT ADDED ENTRY--TOPICAL TERM
Topical term or geographic name as entry element Tourist facilities
650 ## - SUBJECT ADDED ENTRY--TOPICAL TERM
Topical term or geographic name as entry element Tourism
650 ## - SUBJECT ADDED ENTRY--TOPICAL TERM
Topical term or geographic name as entry element Travel
650 ## - SUBJECT ADDED ENTRY--TOPICAL TERM
Topical term or geographic name as entry element Guide
651 ## - SUBJECT ADDED ENTRY--GEOGRAPHIC NAME
Geographic name Nepal
942 ## - ADDED ENTRY ELEMENTS (KOHA)
Koha item type General Collections
Holdings
Withdrawn status Lost status Source of classification or shelving scheme Damaged status Not for loan Home library Current library Date acquired Total Checkouts Full call number Barcode Date last seen Price effective from Koha item type
    Dewey Decimal Classification     Tribhuvan University Central Library Tribhuvan University Central Library 06/20/2010   915.426 R137n 61207 06/20/2010 06/20/2010 N